| 000 | 00396nam a22001697a 4500 | ||
|---|---|---|---|
| 003 | OSt | ||
| 005 | 20211222101413.0 | ||
| 008 | 211222b |||||||| |||| 00| 0 eng d | ||
| 020 | _a0201776294 | ||
| 040 | _cHU | ||
| 082 |
_23ed _a004 |
||
| 100 |
_aAglossary _924207 |
||
| 245 | _aA glossary of Computing TERMS | ||
| 260 |
_aGrat Britain _bGrat Britain |
||
| 300 | _f379 | ||
| 942 |
_2ddc _cBOOKS _n0 |
||
| 999 |
_c23385 _d23385 |
||